| 000 | 00549nab a2200145Ia 4500 | ||
|---|---|---|---|
| 003 | ES-SlBCS | ||
| 005 | 20210601145317.0 | ||
| 008 | 140529s1969 xxu||||| |||| 00| 0 spa d | ||
| 041 | _aspa | ||
| 100 | 1 |
_aGómez-Ferrer Gorriz, C. _9310547 |
|
| 245 | 0 | 0 |
_aEstudio del Test de imitación de gestos de Berges-Lezine en niños normales y sordomudos de cuatro-siete años _c C. Gómez-Ferrer Gorriz |
| 650 | 0 | 4 |
_aPsicología _944875 |
| 773 | 0 |
_tRevista de Psicologia General y Aplicada _gvol. 24, nº. 99-100, 1969, págs. 1044-1050 _wRev1347 |
|
| 942 | _cAR | ||
| 999 |
_c722666 _d722666 |
||